Instructor's manual to accompany Structures and abstractions : an introduction to computer science with Pascal and Turbo Pascal, Salmon /

Bibliographic Details
Main Author: Hanscom, David
Other Authors: Salmon, W. (William)
Format: Book
Language:English
Published: Homewood, IL ; Boston, MA : Irwin, [1991]
Subjects:

MARC

Tag First Indicator Second Indicator Subfields
LEADER 00000cam a2200000 a 4500
001 in00001385607
005 20151020050836.0
008 930920s1991 ilua 000 0 eng d
020 |a 025608274X 
035 |a (OCoLC)28855409 
035 |9 AHL6206AM 
040 |a YSM  |c YSM  |d TXA  |d UtOrBLW 
049 |a TXAM 
090 |a QA76.73.P2  |b S25 1991 manual 
100 1 |a Hanscom, David. 
245 1 0 |a Instructor's manual to accompany Structures and abstractions : an introduction to computer science with Pascal and Turbo Pascal, Salmon /  |c prepared by David Hanscom. 
264 1 |a Homewood, IL ;  |a Boston, MA :  |b Irwin,  |c [1991] 
264 4 |c ©1991 
300 |a 393 pages, 132 unnumbered pages :  |b illustrations ;  |c 27 cm.  
336 |a text  |b txt  |2 rdacontent 
337 |a unmediated  |b n  |2 rdamedia 
338 |a volume  |b nc  |2 rdacarrier 
500 |a Evans Library lacks accompanying disks. 
650 0 |a Pascal (Computer program language)  |x Problems, exercises, etc. 
650 0 |a Data structures (Computer science)  |x Problems, exercises, etc. 
650 0 |a Abstract data types (Computer science)  |x Problems, exercises, etc. 
700 1 |a Salmon, W.  |q (William).  |t Structures and abstractions. 
999 |a MARS 
999 f f |s 341b564b-2fe3-3aac-adc6-185787193a41  |i 6991d352-8b74-3942-b66d-83c981a61740  |t 0 
952 f f |p ric  |a Texas A&M University  |b Rellis Campus  |c Joint Library Facility  |d Remote Storage  |t 0  |e QA76.73.P2 S25 1991 manual  |h Library of Congress classification  |i unmediated -- volume  |m A14821619324 
998 f f |a QA76.73.P2 S25 1991 manual  |t 0  |l Remote Storage